Southville International School and Colleges
Your cart is empty.
  • Cart
  • Lists
    Public lists Eva Luna New books Lux_list list_1
    Your lists Log in to create your own lists
  • Log in to your account
  • Your cookies
  • Search history
Southville International School and Colleges
  • Advanced search
  • Recent comments
  • Most popular
  • Libraries

Log in to your account

Log in with GOOGLE


If you do not have an external account, but do have a local account, you can still log in:

  1. Home
  2. MARC view: Study guide and laboratory exercises for technology for diagnostic sonography /
Normal view MARC view ISBD view

Study guide and laboratory exercises for technology for diagnostic sonography / (Record no. 278906)

[ view plain ]
MARC details
000 -LEADER
fixed length control field 00962cam a22002898a 4500
001 - CONTROL NUMBER
control field 17081307
005 - DATE AND TIME OF LATEST TRANSACTION
control field 20150128103030.0
008 - FIXED-LENGTH DATA ELEMENTS--GENERAL INFORMATION
fixed length control field 111212s2013 mou f 000 0 eng
010 ## - LIBRARY OF CONGRESS CONTROL NUMBER
LC control number 2011044012
020 ## - INTERNATIONAL STANDARD BOOK NUMBER
International Standard Book Number 9780323081979
040 ## - CATALOGING SOURCE
Original cataloging agency DLC
Transcribing agency DLC
042 ## - AUTHENTICATION CODE
Authentication code pcc
050 00 - LIBRARY OF CONGRESS CALL NUMBER
Classification number RC 78.7.U4
Item number .St78 2013
082 00 - DEWEY DECIMAL CLASSIFICATION NUMBER
Classification number 616.07/543
245 00 - TITLE STATEMENT
Title Study guide and laboratory exercises for technology for diagnostic sonography /
Statement of responsibility, etc Wayne R. Hedrick, Paul R. Wagner.
250 ## - EDITION STATEMENT
Edition statement 1st ed.
260 ## - PUBLICATION, DISTRIBUTION, ETC. (IMPRINT)
Place of publication, distribution, etc St. Louis, Mo. :
Name of publisher, distributor, etc Elsevier/Mosby,
Date of publication, distribution, etc c2013.
263 ## - PROJECTED PUBLICATION DATE
Projected publication date 1202
300 ## - PHYSICAL DESCRIPTION
Extent 194 pages :
Other physical details illustrations ;
Dimensions 28 cm.
650 #0 - SUBJECT ADDED ENTRY--TOPICAL TERM
Topical term or geographic name as entry element Diagnostic ultrasonic imaging
Form subdivision Problems, exercises, etc.
650 #0 - SUBJECT ADDED ENTRY--TOPICAL TERM
Topical term or geographic name as entry element Diagnostic ultrasonic imaging
Form subdivision Laboratory manuals.
700 1# - ADDED ENTRY--PERSONAL NAME
Personal name Hedrick, Wayne R.
700 1# - ADDED ENTRY--PERSONAL NAME
Personal name Wagner, Paul R.
906 ## - LOCAL DATA ELEMENT F, LDF (RLIN)
a 7
b cbc
c orignew
d 1
e ecip
f 20
g y-gencatlg
942 ## - ADDED ENTRY ELEMENTS (KOHA)
Source of classification or shelving scheme Library of Congress Classification
Koha item type Books
Holdings
Withdrawn status Lost status Source of classification or shelving scheme Damaged status Home library Current library Shelving location Date acquired Source of acquisition Total Checkouts Full call number Barcode Date last seen Price effective from Koha item type
    Library of Congress Classification   South SEED-LPDH College Library South SEED-LPDH College Library South SEED-LPDH College Section 01/28/2015 Library Fund   RC 78.7.U4 .St78 2013 SSLC1374 05/15/2018 01/28/2015 Books

Study guide and laboratory exercises for technology for diagnostic sonography /

APA

Hedrick W. R., Wagner P. R., . (2013). Study guide and laboratory exercises for technology for diagnostic sonography. St. Louis, Mo: Elsevier/Mosby.

Chicago

Hedrick Wayne R, Wagner Paul R, . 2013. Study guide and laboratory exercises for technology for diagnostic sonography. St. Louis, Mo: Elsevier/Mosby.

Harvard

Hedrick W. R., Wagner P. R., . (2013). Study guide and laboratory exercises for technology for diagnostic sonography. St. Louis, Mo: Elsevier/Mosby.

MLA

Hedrick Wayne R, Wagner Paul R, . Study guide and laboratory exercises for technology for diagnostic sonography. St. Louis, Mo: Elsevier/Mosby. 2013.

  • Place hold
  • Print
  • Cite
  • Add to your cart (remove)
  • Save record
    BIBTEX Dublin Core MARCXML MARC (non-Unicode/MARC-8) MARC (Unicode/UTF-8) MARC (Unicode/UTF-8, Standard) MODS (XML) RIS
  • More searches
    Search for this title in:
    Other Libraries (WorldCat) Other Databases (Google Scholar) Online Stores (Bookfinder.com) Open Library (openlibrary.org)

Exporting to Dublin Core...

SOUTHVILLE LIBRARY

Southville International School and Colleges Library

1281 Tropical Ave. Cor. Luxembourg St., BF Homes International, Las Pinas City

Tel. No. 8256374 / 252358 Loc. 117/146

Powered by Koha